Selection Process of Company Location

Procesy pri výbere umiestnenia podniku. Lokalizačné teórie a lokalizačné faktory, rozhodovacie a výberové metódy. Pravidelný monitoring a hodnotenie vybraného miesta pre podnik. Relokalizácia podniku.

Na minha lista:
Detalhes bibliográficos
Autor principal: Bolek, Vladimír, 1988-
Outros Autores: Filanová, Jana, 1967-, Ondrášová, Iveta
Formato: Capítulo de Livro
Idioma:inglês
Assuntos:
Tags: Adicionar Tag
Sem tags, seja o primeiro a adicionar uma tag!

MARC

LEADER 00000naa a2200000 4500
001 0200322
005 20240502083509.2
041 0 |a eng 
044 |a CZ 
245 1 0 |a Selection Process of Company Location  |c Vladimír Bolek, Jana Filanová, Iveta Ondrášová 
520 |a Procesy pri výbere umiestnenia podniku. Lokalizačné teórie a lokalizačné faktory, rozhodovacie a výberové metódy. Pravidelný monitoring a hodnotenie vybraného miesta pre podnik. Relokalizácia podniku. 
610 2 0 |a lokalizácia 
610 2 0 |a zisťovanie výberové 
610 2 0 |a procesy podnikové 
610 2 0 |a procesy rozhodovacie 
610 2 0 |a modelovanie 
100 1 |a Bolek, Vladimír, 1988- 
700 1 |a Filanová, Jana, 1967- 
700 1 |a Ondrášová, Iveta